Calculus with Analytic Geometry (Record no. 63807)
[ view plain ]
| 000 -LEADER | |
|---|---|
| fixed length control field | 00505nam a22001937a 4500 |
| 003 - CONTROL NUMBER IDENTIFIER | |
| control field | NUST-PNEC |
| 005 - DATE AND TIME OF LATEST TRANSACTION | |
| control field | 20170116180823.0 |
| 008 - FIXED-LENGTH DATA ELEMENTS--GENERAL INFORMATION | |
| fixed length control field | 140331b xxu||||| |||| 00| 0 eng d |
| 020 ## - INTERNATIONAL STANDARD BOOK NUMBER | |
| International Standard Book Number | - |
| 040 ## - CATALOGING SOURCE | |
| Transcribing agency | PNEC |
| 082 ## - DEWEY DECIMAL CLASSIFICATION NUMBER | |
| Classification number | 515.5 YUS |
| 100 ## - MAIN ENTRY--PERSONAL NAME | |
| 9 (RLIN) | 9 |
| Personal name | Yusuf S.M |
| 245 ## - TITLE STATEMENT | |
| Title | Calculus with Analytic Geometry |
| Statement of responsibility, etc. | S. M. Yusuf, Muhammad Amin |
| 250 ## - EDITION STATEMENT | |
| Edition statement | 7th ed. |
| 260 ## - PUBLICATION, DISTRIBUTION, ETC. | |
| Place of publication, distribution, etc. | Lahore |
| Name of publisher, distributor, etc. | Ilmi Kitab Khana |
| Date of publication, distribution, etc. | c.2002 |
| 300 ## - PHYSICAL DESCRIPTION | |
| Extent | 529 p. |
| Other physical details | ill: |
| Dimensions | 23 cm |
| 650 ## - SUBJECT ADDED ENTRY--TOPICAL TERM | |
| General subdivision | ME |
| 9 (RLIN) | 4229 |
| Topical term or geographic name entry element | Calculus, Geometry |
| 942 ## - ADDED ENTRY ELEMENTS (KOHA) | |
| Source of classification or shelving scheme | |
| Koha item type | Book |
| Withdrawn status | Lost status | Source of classification or shelving scheme | Damaged status | Not for loan | Permanent Location | Current Location | Shelving location | Date acquired | Source of acquisition | Cost, normal purchase price | Total Checkouts | Full call number | Barcode | Date last seen | Cost, replacement price | Price effective from | Koha item type | Date last checked out |
|---|---|---|---|---|---|---|---|---|---|---|---|---|---|---|---|---|---|---|
| Pakistan Navy Engineering College (PNEC) | Pakistan Navy Engineering College (PNEC) | 02/01/1996 | Mehran Book /Library /reference Grant | 110.00 | 515.5 YUS | PNECLIB-018300 | 06/25/2015 | 110.00 | 02/01/1996 | Book | ||||||||
| Pakistan Navy Engineering College (PNEC) | Pakistan Navy Engineering College (PNEC) | 02/01/1996 | Library /reference Grant | 110.00 | 5 | 515.5 YUS | PNECLIB-018298 | 11/28/2016 | 110.00 | 02/01/1996 | Book | 11/28/2016 | ||||||
| Pakistan Navy Engineering College (PNEC) | Pakistan Navy Engineering College (PNEC) | 03/21/2001 | Royal Books/Library/Reference Grant | 150.00 | 515.5 YUS | PNECLIB-024552 | 06/25/2015 | 150.00 | 03/21/2001 | Book | ||||||||
| Pakistan Navy Engineering College (PNEC) | Pakistan Navy Engineering College (PNEC) | 03/21/2001 | Royal Books/Library/Reference Grant | 150.00 | 515.5 YUS | PNECLIB-024551 | 06/25/2015 | 150.00 | 03/21/2001 | Book | ||||||||
| Pakistan Navy Engineering College (PNEC) | Pakistan Navy Engineering College (PNEC) | 515.5 YUS | PNECLIB-018282 | 07/28/2015 | Book | |||||||||||||
| Pakistan Navy Engineering College (PNEC) | Pakistan Navy Engineering College (PNEC) | 515.5 YUS | PNECLIB-024506 | 07/29/2015 | Book | |||||||||||||
| Pakistan Navy Engineering College (PNEC) | Pakistan Navy Engineering College (PNEC) | 515.5 YUS | PNECLIB-018297 | 09/05/2015 | Book |
